000
00311nam a22001337a 4500
082
_a
891.4391 NOS
100
_a
Noshi Gilani
245
_a
Muhabatain jab shumar karna
260
_a
Lahore
_b
Al Hamad Publications
_c
1997
300
_a
246p. :
650
_a
Urdu literature
700
_a
Noshi Gilani
942
_c
BK
999
_c
11576
_d
11576